Catálogo público

Técnicas de enseñanza en grupo / (Record no. 233086)

MARC details
000 -CABECERA
campo de control de longitud fija 01477nam a2200265 a 4500
003 - IDENTIFICADOR DEL NÚMERO DE CONTROL
campo de control OSt
005 - FECHA Y HORA DE LA ÚLTIMA TRANSACCIÓN
campo de control 20251028143622.0
008 - DATOS DE LONGITUD FIJA--INFORMACIÓN GENERAL
campo de control de longitud fija 251020b2003 mx a||||r|||| 00| 0 spa d
020 ## - NÚMERO INTERNACIONAL ESTÁNDAR DEL LIBRO
Número Internacional Estándar del Libro 978-968-24-6786-8
040 ## - FUENTE DE LA CATALOGACIÓN
Centro/agencia transcriptor CHAP
Centro/agencia modificador PA
Normas de descripción rda
082 ## - NÚMERO DE LA CLASIFICACIÓN DECIMAL DEWEY
Número de clasificación PA 371.3
Número de documento/Ítem .L67 2003
100 0# - ENTRADA PRINCIPAL--NOMBRE DE PERSONA
Nombre de persona López Torres, Marcos
9 (RLIN) 68374
245 ## - MENCIÓN DE TÍTULO
Título Técnicas de enseñanza en grupo /
Mención de responsabilidad, etc. Marcos López Torres
264 ## - PRODUCCIÓN, PUBLICACIÓN, DISTRIBUCIÓN, FABRICACIÓN Y COPYRIGHT
Producción, publicación, distribución, fabricación y copyright México :
Nombre del de productor, editor, distribuidor, fabricante Trillas,
Fecha de producción, publicación, distribución, fabricación o copyright 2003
300 ## - DESCRIPCIÓN FÍSICA
Extensión 71 páginas
336 ## - TIPO DE CONTENIDO
Fuente rdacontent
Término de tipo de contenido texto
Código de tipo de contenido txt
337 ## - TIPO DE MEDIO
Fuente rdamedia
Nombre/término del tipo de medio sin medio
Código del tipo de medio n
338 ## - TIPO DE SOPORTE
Fuente rdacarrier
Nombre/término del tipo de soporte volumen
Código del tipo de soporte nc
505 ## - NOTA DE CONTENIDO CON FORMATO
Nota de contenido con formato Cap. 1. Las técnicas de trabajo en grupo.-- Cap. 2. Características de las diversas técnicas. -- Cap. 3. Técnicas de reuniones de trabajo.-- Bibliografía.-- Índice analítico.
520 ## - SUMARIO, ETC.
Sumario, etc. Las técnicas de enseñanza en grupo son un apoyo indispensable no sólo en la práctica docente, sino también en el ámbito laboral frente a los administradores y empleados de una empresa.De ahí la necesidad de conocerlas y aplicarlas en la práctica diaria, por parte de quienes están al frente de esos grupos.El objetivo de esta obra es contribuir al proceso de enseñanza-aprendizaje de tal manera que el profesor pueda aplicar cada técnica de acuerdo con las características del grupo, así como del interés y la estructura institucional.
534 ## - NOTA SOBRE LA VERSIÓN ORIGINAL
Frase introductoria Título original:
650 #7 - PUNTO DE ACCESO ADICIONAL DE MATERIA--TÉRMINO DE MATERIA
Término de materia o nombre geográfico como elemento de entrada Dinámica de grupos
9 (RLIN) 32629
650 #7 - PUNTO DE ACCESO ADICIONAL DE MATERIA--TÉRMINO DE MATERIA
Término de materia o nombre geográfico como elemento de entrada Educación
Subdivisión general Metodología
9 (RLIN) 35463
942 ## - ELEMENTOS DE PUNTO DE ACCESO ADICIONAL (KOHA)
Fuente del sistema de clasificación o colocación Dewey Decimal Classification
Tipo de ítem Koha
Holdings
Estado de retiro Estado de pérdida Fuente del sistema de clasificación o colocación Estado dañado Restricciones de uso No para préstamo Código de colección Localización permanente Ubicación/localización actual Fecha de adquisición Fuente de adquisición Número de inventario Total de préstamos Signatura topográfica completa Código de barras Fecha visto por última vez Número de copia Precio válido a partir de Tipo de ítem Koha
    Dewey Decimal Classification   Préstamo interno   General Parasitologia Agricola Parasitologia Agricola 20/10/2025 Compra Consumo   PA 371.3 .L67 2003 4102004165 20/10/2025 Ej.1 20/10/2025 Libro
    Dewey Decimal Classification   Préstamo 3 días   General Parasitologia Agricola Parasitologia Agricola 21/10/2025 Compra Consumo   PA 371.3 .L67 2003 4102004166 21/10/2025 Ej.2 21/10/2025  
    Dewey Decimal Classification   Préstamo 3 días   General Parasitologia Agricola Parasitologia Agricola 21/10/2025 Compra Consumo   PA 371.3 .L67 2003 4102004167 21/10/2025 Ej.3 21/10/2025